000 00478cam a2200157ua 4500
003 OSt
008 240222b |||||||| |||| 00| 0 eng d
020 _a81-85068-46-1
041 _aeng
082 _a631.5871
_bHLA/SE
100 _aHlavek, Robert .
_96098
245 _aSelection Criteria for Irrigation systems /
260 _a :
_bInternational commission on Irrigation and Drainage commission International Des Irrigations Et Du ,
_c1995.
300 _a90 ; .
942 _cBK
999 _c710
_d710